01440cam a22003135a 4500003000900000005001700009008004100026020001500067020001800082040004300100082001900143100003800162245014000200264006700340264001000407300004300417336002600460337002800486338002700514504005100541520026000592650005500852651001000907653002500917655002400942942001200966999001700978952013100995EG-ScBUE20220418111708.0091101t1995 maua f b 001 0 eng d a0838458106 a9780838458105 aEG-ScBUEbengerdacEG-ScBUEdEG-ScBUE04a420.7bBRO2221 aBrown, James Dean,eauthor.9775214aThe elements of language curriculum :ba systematic approach to program development /cJames Dean Brown, University of Hawaii at Manoa. 1aBoston, Massachusetts :bHeinle and Heinle Publishers,c[1995] 4cc1995 ax, 262 pages :billustrations ;c22 cm 2rdacontentatextbtxt 2rdamediaaunmediatedbn 2rdacarrieravolumebnc aIncludes bibliographical references and index. aProvides a practical, comprehensive overview of the different phases and activities involved in developing and implementing a sound, rational, and effective language program. This title describes and exemplifies the elements of language curriculum design. 7aLanguage and languagesxStudy and teaching.2BUEsh 2BUEsh bHHUUEENNcAugust2018 vReading book934232 2ddccBB c12845d12845 00102ddc40708BaccahaMAINbMAINc2NDd2009-11-01ePurchaseg256.00h8656l0o420.7 BROp000018535r2025-07-15 00:00:00yBB